Science Quiz

Random Science or Numbers Quiz

Digits of Pi Quiz Stats

 Plays Quiz Updated Oct 8, 2018

     
Support Sporcle.
Go Orange.
Score 0/150 Timer 06:00
685 Plays Today
% Correct
???
100%
???
97.8%
???
90.6%
???
87.2%
???
82.1%
???
77.3%
???
72.1%
???
66.8%
???
62.5%
???
58.4%
???
54.1%
???
51.9%
???
50.1%
???
48.4%
???
46.7%
???
45.5%
???
44.3%
???
42.8%
???
41.7%
???
40.9%
???
39.9%
???
38.9%
???
37.7%
???
37%
???
36.4%
???
35.6%
???
34.5%
???
33.6%
???
32.9%
???
32.2%
???
31.4%
???
30.9%
???
30.1%
???
29.3%
???
28.9%
???
28.2%
???
27.7%
???
27.1%
???
26.6%
???
26%
???
25.3%
???
24.9%
???
24.4%
???
24.1%
???
23.8%
???
23.3%
???
22.6%
???
22.2%
???
21.9%
???
21.6%
% Correct
???
20.7%
???
20.1%
???
19.7%
???
19.2%
???
18.7%
???
18.3%
???
17.9%
???
17.6%
???
17.4%
???
17.3%
???
16.7%
???
16.3%
???
15.8%
???
15.6%
???
15.3%
???
15%
???
14.8%
???
14.5%
???
14.3%
???
14%
???
13.7%
???
13.5%
???
13.3%
???
13.1%
???
12.8%
???
12.5%
???
12.3%
???
12.2%
???
12%
???
11.9%
???
11.6%
???
11.3%
???
11.1%
???
10.9%
???
10.7%
???
10.4%
???
10.2%
???
10%
???
9.8%
???
9.7%
???
9.4%
???
9.3%
???
9.1%
???
9%
???
9%
???
8.9%
???
8.7%
???
8.6%
???
8.5%
???
8.3%
% Correct
???
7.9%
???
7.6%
???
7.4%
???
7.2%
???
7.1%
???
7%
???
6.8%
???
6.7%
???
6.5%
???
6.4%
???
6.3%
???
6.2%
???
6%
???
5.9%
???
5.8%
???
5.7%
???
5.6%
???
5.5%
???
5.4%
???
5.3%
???
5.1%
???
5%
???
4.9%
???
4.8%
???
4.6%
???
4.6%
???
4.4%
???
4.4%
???
4.3%
???
4.3%
???
4.2%
???
4.2%
???
4.1%
???
4%
???
3.9%
???
3.9%
???
3.8%
???
3.8%
???
3.7%
???
3.6%
???
3.5%
???
3.5%
???
3.4%
???
3.3%
???
3.3%
???
3.2%
???
3.2%
???
3.1%
???
3.1%
???
3%

From the Vault

Baby Names: Girls (1960s)

by jkat

This was a time before all those hippy names like "Madison" and "Kendra" ruled the world.
Remove Ads.
Support Sporcle.
Get the best of Sporcle when you Go Orange. This ad-free experience offers more features, more stats, and more fun while also helping to support Sporcle. Thank you for becoming a member.

Show Comments

Extras

Top Quizzes Today


Score Distribution

Your Account Isn't Verified!

In order to create a playlist on Sporcle, you need to verify the email address you used during registration. Go to your Sporcle Settings to finish the process.

Report this User

Report this user for behavior that violates our Community Guidelines.

Details: